NFL Draft 2022 - Statistics

General Stats
  • This quiz has been taken 2 times
  • The average score is 13 of 32
Answer Stats
Hint Answer % Correct
2.Lions Aidan Hutchinson
100%
11.Saints Chris Olave
100%
3.Texans Derek Stingley Jr
100%
10.Jets Garrett Wilson
100%
22.Packers Quay Walker
100%
1.Jaguars Travon Walker
100%
21.Chiefs Trent McDuffie
100%
8.Falcons Drake London
50%
7.Giants Evan Neal
50%
30.Chiefs George Karlaftis
50%
6.Panthers Ikem Ekwonu
50%
12.Lions Jameson Williams
50%
26.Jets Jermaine Johnson II
50%
23.Bills Kaiir Elam
50%
5.Giants Kayvon Thibodeaux
50%
14.Ravens Kyle Hamilton
50%
19.Saints Trevor Penning
50%
24.Cowboys Tyler Smith
50%
17.Chargers Zion Johnson
50%
4.Jets Ahmad Gardner
0%
9.Seahawks Charles Cross
0%
29.Patriots Cole Strange
0%
31.Bengals Daxton Hill
0%
27.Jaguars Devin Lloyd
0%
28.Packers Devonte Wyatt
0%
16.Commanders Jahan Dotson
0%
13.Eagles Jordan Davis
0%
20.Steelers Kenny Pickett
0%
15.Texans Kenyon Green
0%
32.Vikings Lewis Cine
0%
18.Titans Treylon Burks
0%
25.Ravens Tyler Linderbaum
0%
No matching quizzes found
Score Distribution
Percent of People with Each Score
Percentile by Number Answered
Your Score History
You have not taken this quiz